NBA Playoffs Players by minutes 2024-2025 - Statistics

General Stats
  • This quiz has been taken 180 times
    120 since last reset
  • The average score is 126 of 219
Answer Stats
Team Position Time Played Answer % Correct
BOSTON CELTICS PF 322 Jayson Tatum
100%
BOSTON CELTICS SF 402 Jaylen Brown
96%
LOS ANGELES CLIPPERS PF 15 Kobe Brown
96%
BOSTON CELTICS SG 415 Derrick White
94%
BOSTON CELTICS C 348 Al Horford
93%
OKLAHOMA CITY THUNDER SG 71 Ajay Mitchell
90%
MIAMI HEAT PG 142 Davion Mitchell
90%
CLEVELAND CAVALIERS SG 288 Donovan Mitchell
90%
BOSTON CELTICS C 231 Kristaps Porziņǵis
90%
BOSTON CELTICS PG 302 Payton Pritchard
90%
DETROIT PISTONS PG 248 Cade Cunningham
89%
CLEVELAND CAVALIERS PF 257 Evan Mobley
89%
DENVER NUGGETS PG 578 Jamal Murray
89%
DENVER NUGGETS C 563 Nikola Jokić
89%
HOUSTON ROCKETS PG 27 Aaron Holiday
87%
MILWAUKEE BUCKS SG 135 A.J. Green
87%
GOLDEN STATE WARRIORS PF 389 Draymond Green
87%
HOUSTON ROCKETS SG 219 Jalen Green
87%
CLEVELAND CAVALIERS C 261 Jarrett Allen
87%
CLEVELAND CAVALIERS SG 39 Javonte Green
87%
HOUSTON ROCKETS PF 5 Jeff Green
87%
BOSTON CELTICS PG 264 Jrue Holiday
87%
INDIANA PACERS PG 635 Tyrese Haliburton
87%
GOLDEN STATE WARRIORS SF 397 Jimmy Butler
86%
GOLDEN STATE WARRIORS PG 281 Stephen Curry
86%
DENVER NUGGETS PF 522 Aaron Gordon
84%
CLEVELAND CAVALIERS PG 148 Darius Garland
84%
INDIANA PACERS C 540 Myles Turner
84%
INDIANA PACERS PF 601 Pascal Siakam
84%
MINNESOTA TIMBERWOLVES SG 585 Anthony Edwards
83%
DETROIT PISTONS C 203 Jalen Duren
83%
MEMPHIS GRIZZLIES C 137 Jaren Jackson Jr.
83%
CLEVELAND CAVALIERS PG 35 Craig Porter Jr.
81%
OKLAHOMA CITY THUNDER SG 633 Jalen Williams
81%
MEMPHIS GRIZZLIES PG 82 Ja Morant
81%
OKLAHOMA CITY THUNDER PF 128 Jaylin Williams
81%
HOUSTON ROCKETS SG 5 Jeenathan Williams
81%
LOS ANGELES CLIPPERS SF 265 Kawhi Leonard
81%
OKLAHOMA CITY THUNDER PF 90 Kenrich Williams
81%
MILWAUKEE BUCKS SG 151 Kevin Porter Jr.
81%
CLEVELAND CAVALIERS SF 253 Max Strus
81%
DENVER NUGGETS SF 435 Michael Porter Jr.
81%
MINNESOTA TIMBERWOLVES C 411 Rudy Gobert
81%
OKLAHOMA CITY THUNDER PG 660 Shai Gilgeous-Alexander
81%
MEMPHIS GRIZZLIES SG 38 Vince Williams Jr.
81%
HOUSTON ROCKETS C 256 Alperen Sengun
80%
NEW YORK KNICKS PG 680 Jalen Brunson
80%
LOS ANGELES CLIPPERS PG 276 James Harden
80%
NEW YORK KNICKS C 639 Karl Anthony-Towns
80%
LOS ANGELES LAKERS SF 204 LeBron James
80%
HOUSTON ROCKETS SF 231 Amen Thompson
79%
INDIANA PACERS SG 596 Andrew Nembhard
79%
DETROIT PISTONS SF 135 Ausar Thompson
79%
MEMPHIS GRIZZLIES SG 139 Desmond Bane
79%
HOUSTON ROCKETS PG 280 Fred VanVleet
79%
MINNESOTA TIMBERWOLVES PF 533 Julius Randle
79%
LOS ANGELES LAKERS PG 208 Luka Doncic
79%
CLEVELAND CAVALIERS C 29 Tristan Thompson
79%
INDIANA PACERS SF 518 Aaron Nesmith
77%
MIAMI HEAT C 153 Bam Adebayo
77%
GOLDEN STATE WARRIORS SG 385 Brandin Podziemski
77%
DENVER NUGGETS SG 544 Christian Braun
77%
ORLANDO MAGIC SF 195 Franz Wagner
77%
MILWAUKEE BUCKS PF 188 Giannis Antetokounmpo
77%
LOS ANGELES CLIPPERS C 256 Ivica Zubac
77%
NEW YORK KNICKS SG 642 Josh Hart
77%
MINNESOTA TIMBERWOLVES PG 356 Mike Conley
77%
ORLANDO MAGIC SG 83 Gary Harris
76%
LOS ANGELES LAKERS C 31 Jaxson Hayes
76%
ORLANDO MAGIC PF 197 Paolo Banchero
76%
LOS ANGELES LAKERS PF 182 Rui Hachimura
76%
INDIANA PACERS PG 295 T.J. McConnell
76%
DETROIT PISTONS PF 233 Tobias Harris
76%
LOS ANGELES LAKERS SG 196 Austin Reaves
74%
LOS ANGELES LAKERS SG 4 Bronny James
74%
OKLAHOMA CITY THUNDER C 525 Chet Holmgren
74%
NEW YORK KNICKS SF 706 Mikal Bridges
74%
MIAMI HEAT SG 144 Tyler Herro
74%
MILWAUKEE BUCKS SG 5 Andre Jackson Jr.
73%
HOUSTON ROCKETS SF 206 Dillon Brooks
73%
OKLAHOMA CITY THUNDER C 421 Isaiah Hartenstein
73%
MINNESOTA TIMBERWOLVES PF 497 Jaden McDaniels
73%
OKLAHOMA CITY THUNDER SF 509 Luguentz Dort
73%
DENVER NUGGETS PG 313 Russell Westbrook
73%
BOSTON CELTICS C 180 Luke Kornet
71%
NEW YORK KNICKS PF 705 OG Anunoby
71%
HOUSTON ROCKETS C 155 Steven Adams
71%
OKLAHOMA CITY THUNDER SG 232 Aaron Wiggins
70%
MIAMI HEAT SF 122 Andrew Wiggins
70%
MILWAUKEE BUCKS PG 75 Damian Lillard
70%
MIAMI HEAT SF 59 Duncan Robinson
69%
GOLDEN STATE WARRIORS PF 187 Jonathan Kuminga
69%
NEW YORK KNICKS C 370 Mitchell Robinson
69%
INDIANA PACERS SF 279 Bennedict Mathurin
67%
GOLDEN STATE WARRIORS C 120 Kevon Looney
67%
MINNESOTA TIMBERWOLVES C 375 Naz Reid
67%
LOS ANGELES CLIPPERS SG 238 Norman Powell
67%
BOSTON CELTICS PF 108 Sam Hauser
67%
ORLANDO MAGIC C 162 Wendell Carter Jr.
67%
LOS ANGELES LAKERS PF 170 Dorian Finney-Smith
66%
HOUSTON ROCKETS PF 143 Jabari Smith Jr.
66%
INDIANA PACERS PF 318 Obi Toppin
66%
MEMPHIS GRIZZLIES C 108 Zach Edey
66%
OKLAHOMA CITY THUNDER SG 416 Alex Caruso
64%
CLEVELAND CAVALIERS SF 185 De'Andre Hunter
64%
MINNESOTA TIMBERWOLVES SG 377 Donte DiVincenzo
64%
GOLDEN STATE WARRIORS SG 193 Moses Moody
64%
MEMPHIS GRIZZLIES PG 129 Scotty Pippen Jr.
64%
MILWAUKEE BUCKS C 74 Brook Lopez
63%
ORLANDO MAGIC SG 163 Kentavious Caldwell-Pope
63%
MINNESOTA TIMBERWOLVES SG 310 Nickeil Alexander-Walker
61%
LOS ANGELES CLIPPERS SF 129 Derrick Jones Jr.
60%
OKLAHOMA CITY THUNDER SF 39 Dillon Jones
60%
DETROIT PISTONS SG 163 Malik Beasley
60%
GOLDEN STATE WARRIORS C 80 Trayce Jackson-Davis
60%
CLEVELAND CAVALIERS SG 191 Ty Jerome
60%
MILWAUKEE BUCKS PF 158 Bobby Portis
59%
GOLDEN STATE WARRIORS SG 327 Buddy Hield
59%
DETROIT PISTONS C 19 Isaiah Stewart
59%
LOS ANGELES CLIPPERS PG 153 Kris Dunn
59%
DETROIT PISTONS SG 188 Tim Hardaway Jr.
59%
MILWAUKEE BUCKS SG 171 Gary Trent Jr.
57%
MILWAUKEE BUCKS PF 102 Kyle Kuzma
56%
CLEVELAND CAVALIERS PF 142 Dean Wade
54%
MIAMI HEAT C 73 Kel'el Ware
54%
NEW YORK KNICKS PG 341 Miles McBride
54%
DENVER NUGGETS SF 199 Peyton Watson
54%
ORLANDO MAGIC PG 89 Anthony Black
53%
OKLAHOMA CITY THUNDER SG 415 Cason Wallace
53%
GOLDEN STATE WARRIORS PF 146 Quinten Post
53%
ORLANDO MAGIC PG 51 Cole Anthony
51%
BOSTON CELTICS C 13 Neemias Queta
51%
INDIANA PACERS C 154 Thomas Bryant
51%
INDIANA PACERS SG 220 Ben Sheppard
50%
DETROIT PISTONS PG 164 Dennis Schröder
50%
LOS ANGELES LAKERS PG 99 Gabe Vincent
50%
OKLAHOMA CITY THUNDER SG 187 Isaiah Joe
50%
HOUSTON ROCKETS PG 10 Reed Sheppard
50%
CLEVELAND CAVALIERS SG 128 Isaac Okoro
49%
HOUSTON ROCKETS PF 132 Tari Eason
49%
DENVER NUGGETS C 36 DeAndre Jordan
47%
INDIANA PACERS PF 16 James Johnson
47%
MIAMI HEAT SF 8 Keshad Johnson
47%
NEW YORK KNICKS PG 102 Cameron Payne
46%
MINNESOTA TIMBERWOLVES SG 28 Jaylen Clark
46%
MIAMI HEAT SF 19 Jaime Jaquez Jr.
44%
INDIANA PACERS PF 117 Jarace Walker
44%
LOS ANGELES LAKERS PF 60 Jarred Vanderbilt
44%
BOSTON CELTICS PF 15 Jordan Walsh
43%
DENVER NUGGETS SG 88 Julian Strawther
43%
LOS ANGELES CLIPPERS PF 172 Nicolas Batum
43%
MEMPHIS GRIZZLIES PF 122 Santi Aldama
43%
GOLDEN STATE WARRIORS SG 180 Gary Payton II
41%
GOLDEN STATE WARRIORS PF 72 Gui Santos
41%
CLEVELAND CAVALIERS SG 159 Sam Merrill
40%
BOSTON CELTICS PF 8 Xavier Tillman Sr.
40%
LOS ANGELES CLIPPERS SG 117 Bogdan Bogdanovic
39%
ORLANDO MAGIC PG 124 Cory Joseph
39%
LOS ANGELES LAKERS SF 4 Dalton Knecht
36%
ORLANDO MAGIC C 11 Goga Bitadze
36%
DENVER NUGGETS PF 30 Hunter Tyson
36%
CLEVELAND CAVALIERS SG 31 Jaylon Tyson
36%
NEW YORK KNICKS SG 83 Landry Shamet
36%
MEMPHIS GRIZZLIES SG 80 Luke Kennard
36%
GOLDEN STATE WARRIORS PG 63 Pat Spencer
36%
ORLANDO MAGIC PF 69 Jonathan Isaac
34%
MINNESOTA TIMBERWOLVES C 19 Luka Garza
34%
MIAMI HEAT PF 75 Nikola Jović
34%
MILWAUKEE BUCKS SF 61 Taurean Prince
34%
NEW YORK KNICKS PG 6 Tyler Kolek
34%
DENVER NUGGETS PF 34 Zeke Nnaji
34%
INDIANA PACERS SG 27 Johnny Furphy
33%
LOS ANGELES LAKERS PF 5 Maxi Kleber
33%
DETROIT PISTONS C 53 Paul Reed
33%
INDIANA PACERS C 54 Tony Bradley
33%
BOSTON CELTICS SG 22 Baylor Scheierman
31%
MIAMI HEAT SF 84 Haywood Highsmith
31%
NEW YORK KNICKS C 34 Precious Achiuwa
31%
DETROIT PISTONS SF 34 Ron Holland
31%
MINNESOTA TIMBERWOLVES SG 57 Terrence Shannon Jr.
31%
NEW YORK KNICKS PG 48 Delon Wright
29%
DENVER NUGGETS SG 57 Jalen Pickett
29%
NEW YORK KNICKS PF 4 P.J. Tucker
29%
ORLANDO MAGIC SF 5 Tristan Da Silva
29%
LOS ANGELES LAKERS C 4 Alex Len
27%
MILWAUKEE BUCKS C 58 Jericho Sims
27%
OKLAHOMA CITY THUNDER C 29 Ousmane Dieng
27%
LOS ANGELES CLIPPERS PG 42 Ben Simmons
26%
MILWAUKEE BUCKS PG 30 Ryan Rollins
26%
HOUSTON ROCKETS SF 5 Cam Whitmore
24%
MEMPHIS GRIZZLIES C 18 Jay Huff
24%
ORLANDO MAGIC SF 4 Jett Howard
24%
LOS ANGELES LAKERS PG 31 Jordan Goodwin
24%
MILWAUKEE BUCKS SG 14 Pat Connaughton
24%
HOUSTON ROCKETS C 5 Jock Landale
23%
LOS ANGELES CLIPPERS SF 13 Jordan Miller
23%
MINNESOTA TIMBERWOLVES SF 13 Leonard Miller
23%
NEW YORK KNICKS SG 4 Pacome Dadiet
23%
NEW YORK KNICKS C 5 Ariel Hukporti
21%
BOSTON CELTICS PG 13 JD Davison
21%
DENVER NUGGETS PF 11 Vlatko Čančar
21%
ORLANDO MAGIC SF 47 Caleb Houstan
20%
MEMPHIS GRIZZLIES SG 69 John Konchar
20%
LOS ANGELES LAKERS SG 4 Shake Milton
20%
BOSTON CELTICS SF 21 Torrey Craig
20%
MINNESOTA TIMBERWOLVES SF 23 Josh Minott
17%
MIAMI HEAT SG 15 Alec Burks
16%
LOS ANGELES CLIPPERS C 13 Drew Eubanks
16%
GOLDEN STATE WARRIORS SF 38 Kevin Knox
16%
MIAMI HEAT SF 14 Kyle Anderson
16%
MEMPHIS GRIZZLIES PF 28 Marvin Bagley III
16%
LOS ANGELES CLIPPERS PG 4 Patty Mills
16%
MIAMI HEAT SG 52 Pelle Larsson
16%
LOS ANGELES CLIPPERS SG 13 Cam Christie
14%
GOLDEN STATE WARRIORS SF 23 Braxton Key
13%
MEMPHIS GRIZZLIES PF 12 Lamar Stevens
13%
MILWAUKEE BUCKS SF 5 Chris Livingston
10%
CLEVELAND CAVALIERS PF 13 Chuma Okeke
7%
MINNESOTA TIMBERWOLVES PG 16 Rob Dillingham
4%
No matching quizzes found
Score Distribution
Percent of People with Each Score
Percentile by Number Answered
Your Score History
You have not taken this quiz since the last reset